00781 2200277 4500001002100000005001700021008004100038020002200079035002400101040001200125041000800137082001700145084001700162090002100179100001800200245007800218250001100296260005100307300003600358500001100394504003000405650001900435650001500454850001200469990002200481INLIS00000000003375220180314092221.0  a978-602-386-090-6 0010-021800000000478 aYOPDYOG0 aind042[23]a591.35 a591.35 Tet P aDEP 591.35 Tet P0 aTETY HARTATIK0 aPendekatan praktisb: deteksi polimorfisme DNA sapi Acehc/ Tety Hartatik aCet. 1 aYogyakartabGadjah Mada University Pressc2016 axv, 159 hlm.b: ilus.c; 23 cm. aIndeks aBibliografi: hlm. 152-153 4aGenetika hewan 4aSapizAceh aYOPDYOG aCB-D.11/2016-2665